Eastern Utah Libraries Catalog: Duchesne, Heber, Roosevelt, & Vernal

Migration / (Record no. 323240)

MARC details
000 -LEADER
fixed length control field 01642cam a2200397 i 4500
001 - CONTROL NUMBER
control field 20746260
005 - DATE AND TIME OF LATEST TRANSACTION
control field 20200320222731.0
008 - FIXED-LENGTH DATA ELEMENTS--GENERAL INFORMATION
fixed length control field 181116s2019 nyuab j b 001 0 eng
010 ## - LIBRARY OF CONGRESS CONTROL NUMBER
LC control number 2018054493
020 ## - INTERNATIONAL STANDARD BOOK NUMBER
International Standard Book Number 9781547600977
Qualifying information (hardcover)
020 ## - INTERNATIONAL STANDARD BOOK NUMBER
Cancelled/invalid ISBN 9781547601387
Qualifying information (ebook)
020 ## - INTERNATIONAL STANDARD BOOK NUMBER
Cancelled/invalid ISBN 9781547602643
Qualifying information (epdf)
040 ## - CATALOGING SOURCE
Original cataloging agency DLC
Language of cataloging eng
Transcribing agency DLC
Description conventions rda
Modifying agency DLC
042 ## - AUTHENTICATION CODE
Authentication code pcc
050 00 - LIBRARY OF CONGRESS CALL NUMBER
Classification number QL754
Item number .U59 2019
082 00 - DEWEY DECIMAL CLASSIFICATION NUMBER
Classification number 591.56/8
Edition number 23
100 1# - MAIN ENTRY--PERSONAL NAME
Personal name Unwin, Mike,
Relator term author.
9 (RLIN) 5833968
245 10 - TITLE STATEMENT
Title Migration /
Statement of responsibility, etc by Mike Unwin ; illustrated by Jenni Desmond.
264 #1 - Production, Publication, Distribution, Manufacture, and Copyright Notice.
Place of production, publication, distribution, manufacture New York :
Name of producer, publisher, distributor, manufacturer Bloomsbury,
Date of production, publication, distribution, manufacture, or copyr 2019.
300 ## - PHYSICAL DESCRIPTION
Extent 47 pages :
Other physical details color illustrations, color map ;
Dimensions 31 cm
336 ## - Content Type
Content type term text
337 ## - Media type
Media type term unmediated
338 ## - Carrier type
Carrier type term volume
521 1# - TARGET AUDIENCE NOTE
Target audience note Age 7+
521 2# - TARGET AUDIENCE NOTE
Target audience note Grade 4 to 6.
504 ## - BIBLIOGRAPHY, ETC. NOTE
Bibliography, etc Includes bibliographical references and index.
650 #0 - SUBJECT ADDED ENTRY--TOPICAL TERM
Topical term or geographic name as entry element Animal migration
Form subdivision Juvenile literature.
9 (RLIN) 5746234
700 1# - ADDED ENTRY--PERSONAL NAME
Personal name Desmond, Jenni,
Relator term illustrator.
9 (RLIN) 5900562
776 08 - ADDITIONAL PHYSICAL FORM ENTRY
Display text Online version:
Main entry heading Unwin, Mike, author.
Title Migration
Place, publisher, and date of publication New York : Bloomsbury, 2019
International Standard Book Number 9781547601387
Record control number (DLC) 2018055684
906 ## - LOCAL DATA ELEMENT F, LDF (RLIN)
a 7
b cbc
c orignew
d 1
e ecip
f 20
g y-gencatlg
925 0# -
-- acquire
-- 1 shelf copy
-- policy default
942 ## - ADDED ENTRY ELEMENTS (KOHA)
Koha item type BOOK
948 ## - LOCAL PROCESSING INFORMATION (OCLC); SERIES PART DESIGNATOR (RLIN)
Series part designator, SPT (RLIN) 12/11/2019
z (OCLC) Sirsi
955 ## - COPY-LEVEL INFORMATION (RLIN)
-- xm08 2018-11-19 (telework)
-- rl02 2019-08-07 to CALM
996 ## -
-- 172955
-- 34301001651621
-- JNF
-- bk
-- wcl
-- i
-- 1
-- 18.99
-- Baker & Taylor
-- 591.56 Unw
-- 12/11/2019
-- 12/30/2019
-- 12/18/2019
Holdings
Withdrawn status Lost status Source of classification or shelving scheme Damaged status Not for loan Collection code Home library Current library Shelving location Date acquired Source of acquisition Cost, normal purchase price Total Checkouts Total Renewals Full call number Barcode Date last seen Date checked out Cost, replacement price Price effective from Koha item type
    Dewey Decimal Classification     Junior NonFiction Wasatch County Library Wasatch County Library Second Floor 12/11/2019   18.99 11 10 J 591.56 Unw 34301001651621 12/26/2025 07/17/2025 18.99 03/20/2020 BOOK
This project was made possible through a grant from the Institute of Museum and Library Service administered by the Utah State Library Division.

Wasatch County Library

  • 465 East 1200 South, Heber City, Utah 84032
  • Phone 435-654-1511 | Fax 435-654-6456

Hours

  • Monday - Friday 9:30 AM - 8:00 PM
  • Saturday 9:30 AM - 1:30 PM
  • Closed Sundays and Holidays